| 000 | 00641nam a22002057a 4500 | ||
|---|---|---|---|
| 001 | 9588 | ||
| 003 | BD-RjUL | ||
| 005 | 20211208234813.0 | ||
| 008 | 140121s1968 caua||||| |||| 00| 0 eng d | ||
| 035 | _a(BD-RjUL) 9633 | ||
| 040 |
_aBD-RjUL _beng _cBD-RjUL |
||
| 041 | _aeng | ||
| 082 |
_223 _a540.76 _bLAB 1968 |
||
| 245 | 0 | 0 |
_aLaboratory manual for Chemistry : _bexperiments and principles / _cJoseph E Davis ... [et al]. |
| 260 |
_aLexington, Mass. : _bRaytheon Education Co., _c1968. |
||
| 300 |
_ax, 144 p. : _bill. ; _c25 cm. |
||
| 650 |
_aChemistry -- Laboratory manuals. _929694 |
||
| 700 |
_aDavis, Joseph E _929695 |
||
| 942 |
_2ddc _cBK |
||
| 999 |
_c9588 _d9588 |
||